| 000 | 00418nam a22001217a 4500 | ||
|---|---|---|---|
| 999 |
_c532886 _d532886 |
||
| 008 | 260330b ||||| |||| 00| 0 eng d | ||
| 100 |
_aPriyadarshi, Prakash andBeherea Minaketan _959889 |
||
| 245 | _aNature and process of relocation of villages: Todoba Andhari Tier reserve, Maharashtra | ||
| 260 | _aSocial Scientist | ||
| 300 | _a53(9-10), Sep-Oct, 2025: p.61-74 | ||
| 773 | _aSocial Scientist | ||
| 942 | _cAR | ||